00928nam a22002657a 45000010005000000030006000050050017000110080041000280200018000690400029000870500015001160820011001311000020001422450102001622600037002643000049003014900034003505050008003845200135003925210029005275210020005566500030005766500022006067000034006288140FISKH20260401100420.0250828b cb ||||| |||| 00| 0 eng d a9780545283977 aFISKHbengcFISKHdFISKH aPZ7.N964 W a813.54 aNumeroff, Laura aWhat sisters do best/ What brothers do best /cBy Laura Numeroff : Illustrated by Lynn Munsinger  aNew York :bScholastic , c2012. a20 pages : bcolor illustrations ;c26 cm .  aWhat Brothers/Sisters Do Best aG  aRead one way, this book describes all the wonderful things sisters do, and when turned over, it depicts why brothers are special. 8 a350 bLexile estimate 8 aG bRaz-Plus  aAll About FamilyvFiction aSiblingsvFiction aMunsinger, LynneIllustrator